000 00300nam a22001337a 4500
020 _a07-5000-0709
082 _a001
_bEMM/M
100 _aGEORGE IMMATTI
245 _aMODERN QUIZ
260 _aTHRISSUR
_bH & C PUBLISHING HOUSE
_c2009
300 _a96
650 _aQUIZ MALAYALAM
_zKERALA
942 _cBK
999 _c1013
_d1013